Geography Quiz

Random Geography or State Quiz

Land Area by State Quiz Stats

 Plays Quiz Updated Sep 24, 2018

Score 0/50 Timer 10:00
2 Plays Today
Land Area (mi²) State % Correct
261,797.12Texas
99.3%
571,951.26Alaska
98.9%
155,959.34California
97.2%
145,552.43Montana
86.8%
121,355.53New Mexico
70.8%
113,634.57Arizona
69.6%
1,044.93Rhode Island
64.9%
109,825.99Nevada
64.5%
103,717.53Colorado
63%
97,100.40Wyoming
59.9%
1,953.56Delaware
56.8%
95,996.79Oregon
54.9%
82,747.21Idaho
51.9%
4,844.80Connecticut
51.4%
82,143.65Utah
49%
6,422.62Hawaii
44.8%
79,610.08Minnesota
44.2%
81,814.88Kansas
43.8%
68,975.93North Dakota
42.2%
75,884.64South Dakota
41.7%
9,249.56Vermont
41.4%
8,968.10New Hampshire
41.2%
76,872.41Nebraska
40.6%
7,417.34New Jersey
40%
7,840.02Massachusetts
38.7%
Land Area (mi²) State % Correct
9,773.82Maryland
36.4%
68,885.93Missouri
35.2%
68,667.06Oklahoma
34.8%
66,544.06Washington
33.5%
56,803.82Michigan
30.6%
57,906.14Georgia
30%
24,077.73West Virginia
29.9%
53,926.82Florida
29.4%
30,861.55Maine
29%
30,109.47South Carolina
27.4%
55,869.36Iowa
27.1%
55,583.58Illinois
27.1%
47,213.79New York
26.6%
54,310.10Wisconsin
26.2%
40,948.38Ohio
25.5%
50,744.00Alabama
23.4%
35,866.90Indiana
23.4%
44,816.61Pennsylvania
23.1%
52,068.17Arkansas
22.7%
48,710.88North Carolina
22.2%
39,594.07Virginia
22.1%
39,728.18Kentucky
21.2%
46,906.96Mississippi
21.2%
41,217.12Tennessee
20.6%
43,561.85Louisiana
19.7%

You're not logged in!

Compare scores with friends on all Sporcle quizzes.
OR
Log In

Sporcle TV

Today on Sporcle TV


Watch our educational content, quiz creation guides, and fun videos on Sporcle TV.

Show Comments

Extras

Top Quizzes Today


Score Distribution

Your Account Isn't Verified!

In order to create a playlist on Sporcle, you need to verify the email address you used during registration. Go to your Sporcle Settings to finish the process.

Report this User

Report this user for behavior that violates our Community Guidelines.

Details: